000 00281nam a22001097a 4500
082 _a621.47 KHA'S
100 _aKHAN, NASIM AKHTAR
_978176
245 _aSOLAR ENERGY,A GUIDE AND DATA BOOK FOR PAKISTAN
260 _aRAWALPINDI
_bCOLLEGE OF EME
_c1986
300 _a135P
942 _cBK
999 _c583338
_d583338